000 00850nam a2200217 a 4500
001 BRCA_9017
005 20190320210509.0
008 200717s2016----ne-a######---#000-0#spa-#
020 _a9788498019186
041 _aspa
044 _ane
050 4 _aTR820
_b.W67 2016
245 1 0 _aWorld Press Photo 16
_ctraducción Cristina Rodríguez Fischer.
260 _aÁmsterdam, Países Bajos
_bSchilt Publishing : Stichting World Press Photo ; Barcelona, España : Art Blume
_c2016
300 _a239 p.
_bil. (algunas a color)
_c24 cm.
500 _aCatálogo de la exposición realizada en el Museo Franz Mayer (Ciudad de México), 26 agosto - 25 septiembre, 2016
650 1 4 _aFotoperiodismo
_vExposiciones
_xPremios
_95406
650 1 4 _aFotografía
_vExposiciones
_xPremios
_95407
700 1 _aRodríguez Fischer, Cristina
_etr.
_911352
942 _2lcc
_cB
999 _c8668
_d8668